Introduction to accounting : (Record no. 439)
[ view plain ]
| 000 -LEADER | |
|---|---|
| fixed length control field | 00716cam a22002292 4500 |
| 001 - CONTROL NUMBER | |
| control field | 0000002504 |
| 005 - DATE AND TIME OF LATEST TRANSACTION | |
| control field | 20151021151058.0 |
| 008 - FIXED-LENGTH DATA ELEMENTS--GENERAL INFORMATION | |
| fixed length control field | 070412s xx 000 0 eng d |
| 020 ## - INTERNATIONAL STANDARD BOOK NUMBER | |
| International Standard Book Number | 0256123837 (combined vols.) : |
| Terms of availability | KES 3,424 |
| 040 ## - CATALOGING SOURCE | |
| Original cataloging agency | KABU |
| Transcribing agency | KABU |
| 050 #0 - LIBRARY OF CONGRESS CALL NUMBER | |
| Classification number | HF5635 |
| Item number | .I655 1997 |
| 245 10 - TITLE STATEMENT | |
| Title | Introduction to accounting : |
| Remainder of title | an intergrated approach / |
| Statement of responsibility, etc. | Penne Ainsworth ... [et al.] |
| 250 ## - EDITION STATEMENT | |
| Edition statement | 1st ed. |
| 260 ## - PUBLICATION, DISTRIBUTION, ETC. (IMPRINT) | |
| Place of publication, distribution, etc. | Boston, Massachusetts : |
| Name of publisher, distributor, etc. | McGraw-Hill, |
| Date of publication, distribution, etc. | 1997. |
| 300 ## - PHYSICAL DESCRIPTION | |
| Extent | 879 p. |
| 505 8# - FORMATTED CONTENTS NOTE | |
| Formatted contents note | Chapter 1-25. |
| 650 #0 - SUBJECT ADDED ENTRY--TOPICAL TERM | |
| Topical term or geographic name as entry element | Accounting. |
| -- | 0000148321 |
| 700 1# - ADDED ENTRY--PERSONAL NAME | |
| Personal name | Ainsworth, Penne. |
| -- | 0000151879 |
| 908 ## - PUT COMMAND PARAMETER (RLIN) | |
| Put command parameter | 070412 |
| 950 ## - LOCAL HOLDINGS (RLIN) | |
| -- | 1 |
| Withdrawn status | Lost status | Source of classification or shelving scheme | Not for loan | Home library | Current library | Date acquired | Total Checkouts | Full call number | Barcode | Date last seen | Date last checked out | Price effective from | Koha item type | Copy number |
|---|---|---|---|---|---|---|---|---|---|---|---|---|---|---|
| Library of Congress Classification | Kabarak, Main Campus | Kabarak, Main Campus | 17/12/2015 | HF5635 .I655 1997 | 002625 | 02/08/2024 | 17/12/2015 | General Collection | ||||||
| Library of Congress Classification | Kabarak, Main Campus | Kabarak, Main Campus | 17/12/2015 | HF5635 .I655 1997 | 002627 | 02/08/2024 | 17/12/2015 | General Collection | ||||||
| Library of Congress Classification | Kabarak, Main Campus | Kabarak, Main Campus | 17/12/2015 | HF5635 .I655 1997 C.3 | 002628 | 02/08/2024 | 17/12/2015 | General Collection | C.3 | |||||
| Library of Congress Classification | Kabarak, Main Campus | Kabarak, Main Campus | 17/12/2015 | HF5635 .I655 1997 | 002629 | 02/08/2024 | 17/12/2015 | General Collection | ||||||
| Library of Congress Classification | Kabarak, Main Campus | Kabarak, Main Campus | 17/12/2015 | HF5635 .I655 1997 | 002630 | 02/08/2024 | 17/12/2015 | General Collection | ||||||
| Library of Congress Classification | Kabarak, Nakuru City Campus | Kabarak, Nakuru City Campus | 21/10/2015 | 1 | HF5635 .I655 1997 c. 1 | 003072 | 04/02/2019 | 28/01/2019 | 21/10/2015 | General Collection |